Score 0/7 Timer 03:00
0 Plays Today
Question Answer Wrong Answers
The first cornerstone of the US Capitol building is laid by this man, known as the ‘father of the country’.
1793
George Washington
92%
John Adams
3.3%
Patrick Henry
1.5%
Alexander Hamilton
3.1%
This famous geyser is observed and named by Henry D. Washburn during the Washburn-Langford-Doane Expedition to Yellowstone.
1870
Old Faithful
88.7%
Old Hickory
1.6%
Old Yeller
5.7%
Old Reliable
1.8%
The ______ Phonographic Broadcasting System, today known as CBS, goes on the air.
1927
Columbia
77.4%
Continental
14.1%
Champion
0.6%
Community
5.4%
______ votes against independence from the United Kingdom.
2014
Scotland
72.9%
Northern Ireland
14.4%
Wales
5.7%
England
3.9%
The Mukden Incident gives Japan a pretext to invade and occupy this region in northeast China.
1931
Manchuria
68.1%
Tibet
14.3%
Hong Kong
8.7%
Macau
6.1%
The National Security Council and this agency are established in the United States under the National Security Act.
1947
Central Intelligence Agency
64.4%
Drug Enforcement Administration
2.9%
Federal Bureau of Investigation
20.4%
Department of Defense
9.3%
The US Congress passes the ______ Slave Act of 1850.
1850
Fugitive
57.9%
Runaway
33.4%
Escaped
5.9%
Wanted
1.3%
Come Together.
Have Fun.
All Virtual.
We all need to come together. Play Sporcle's virtual live trivia to have fun, connect with people, and get your trivia on. Join a live hosted trivia game for your favorite pub trivia experience done virtually. If a virtual private party is more your thing, go here for details.

You're not logged in!

Compare scores with friends on all Sporcle quizzes.
OR
Log In

Sporcle TV

Today on Sporcle TV


Watch our educational content, quiz creation guides, and fun videos on Sporcle TV.

Show Comments

Extras

Top Quizzes Today


Score Distribution

Paid Content

Your Account Isn't Verified!

In order to create a playlist on Sporcle, you need to verify the email address you used during registration. Go to your Sporcle Settings to finish the process.

Report this User

Report this user for behavior that violates our Community Guidelines.

Details: